000 00652nam a2200181Ia 4500
008 151202s9999||||xx |||||||||||||| ||und||
082 _bPNVM-57729
100 _aभडभडे सुमन.
245 _aकल्पद्रुमाच्या छायेत.
260 _b"नवचैतन्य प्रकाशन,बोरोवली."
260 _c0
300 _a236
600 _aभडभडे सुमन.
630 _aकल्पद्रुमाच्या छायेत.
700 _aभडभडे सुमन.
730 _aकल्पद्रुमाच्या छायेत.
942 _cBOOK
999 _c1324267
_d1324264